[Event "American Cup Champions 2022"]
[Site "Saint Louis"]
[Date "2022.04.28"]
[Round "4.3"]
[White "Caruana, Fabiano"]
[Black "Aronian, Levon"]
[Result "1-0"]
[WhiteElo "2792"]
[BlackElo "2772"]
[Annotator "TA"]
[PlyCount "105"]
[EventDate "2022.04.20"]
[EventType "k.o."]
[EventCountry "USA"]
[SourceTitle "playchess.com"]
[Source "ChessBase"]
[SourceQuality "1"]
[TimeControl "5400+30"]

{[%evp 11,105,14,21,8,9,14,21,0,6,-9,-3,5,0,0,0,0,11,0,0,0,0,0,0,0,14,0,0,0,0,0,33,36,29,17,41,24,41,37,33,39,42,44,65,25,36,43,44,29,91,35,100,74,117,112,126,129,135,135,165,168,224,218,226,212,183,181,172,159,154,164,197,195,267,265,255,211,285,299,276,258,312,312,956,957,956,886,29969,29969,29969,29969,29953,7921,29979,29980,29981,29982]} 1. c4 {[%emt 0:00:04]} Nf6 {[%emt 0:00:09]} 2. Nc3 {[%emt 0:00:06]} e5 {[%emt 0:00:05]} 3. Nf3 {[%emt 0:00:16]} Nc6 {[%emt 0:00:05]} 4. g3 {[%emt 0:00:10]} Nd4 {[%emt 0:01:20]} 5. Bg2 {[%emt 0:00:26]} Nxf3+ {[%emt 0:00:06]} 6. Bxf3 {[%emt 0:00:04]} Bc5 {[%emt 0:00:30]} 7. d3 {[%emt 0:06:00] has lost popularity (7.0-0). A29: English Opening: Four Knights Variation with 4 g3.} O-O {[%emt 0:00:42]} 8. O-O {[%emt 0:00:54] [#]} a5 $146 {[%emt 0:01:22]} ({Predecessor:} 8... Re8 9. Bg2 c6 10. Bg5 h6 11. Bxf6 Qxf6 12. Ne4 Qe7 13. Nxc5 Qxc5 14. Qd2 a5 {½-½ (57) Dubov,D (2699)-Mamedyarov,S (2764) chess24.com INT 2020}) 9. Bg2 {[%emt 0:08:04] The position is equal.} c6 {[%emt 0:02:12]} 10. Bd2 {[%emt 0:03:22]} d6 {[%emt 0:02:14]} 11. a3 {[%emt 0:03:25]} Be6 {[%emt 0:02:18]} 12. Qc2 {[%emt 0:01:45]} h6 {[%emt 0:02:51]} 13. Na4 {[%emt 0:06:42]} Ba7 {[%emt 0:00:11]} 14. c5 {[%emt 0:00:47]} dxc5 {[%emt 0:05:54]} 15. Nxc5 {[%emt 0:00:10]} Bxc5 {[%emt 0:00:21]} 16. Qxc5 {[%emt 0:00:05]} Bd5 {[%emt 0:00:11]} 17. f3 {[%emt 0:04:55]} a4 {[%emt 0:03:23]} 18. e4 {[%emt 0:03:01]} Nd7 {[%emt 0:00:06]} 19. Qe3 {[%emt 0:02:27]} Bb3 {[%emt 0:00:09]} 20. f4 {[%emt 0:03:18]} Qb6 {[%emt 0:14:06]} 21. Qxb6 {[%emt 0:11:59]} Nxb6 {[%emt 0:00:06]} 22. Rac1 {[%emt 0:03:38]} Rfd8 {[%emt 0:02:15]} 23. Rf3 {[%emt 0:04:20]} (23. fxe5 Rxd3 24. Bc3 Nc4 $15) 23... Nd7 {[%emt 0:04:49]} 24. Bh3 {[%emt 0:00:22]} Be6 {[%emt 0:05:24]} 25. Bxe6 {[%emt 0:01:21]} fxe6 {[%emt 0:00:04]} 26. Kf2 {[%emt 0:02:20]} c5 {[%emt 0:01:30]} 27. Ke2 {[%emt 0:01:43]} b6 {[%emt 0:01:09]} 28. Bc3 {[%emt 0:03:46]} Rac8 {[%emt 0:01:48]} 29. Rff1 {[%emt 0:02:53]} Rf8 {[%emt 0:02:14]} (29... exf4 $11 {remains equal.} 30. gxf4 Nf6) 30. Ke3 {[%emt 0:03:59]} (30. Bxe5 $16 Nxe5 31. fxe5) 30... Rc7 {[%emt 0:06:00]} (30... exf4+ $14 31. gxf4 (31. Rxf4 e5 $11) 31... Kh7) 31. fxe5 {[%emt 0:06:34] White now steadily converts the win.} Rxf1 {[%emt 0:01:48]} 32. Rxf1 $16 {[%emt 0:00:04][%mdl 4096] Endgame KRB-KRN} Nb8 {[%emt 0:00:04]} 33. d4 {[%emt 0:05:21]} cxd4+ {[%emt 0:00:05]} 34. Bxd4 {[%emt 0:03:06]} Rc2 {[%emt 0:19:38]} 35. Rd1 {[%emt 0:01:07]} (35. Bxb6 $6 Rxb2 36. Bc7 Nc6 $14) 35... Nc6 {[%emt 0:00:43] [#]} (35... Rxh2 $142 36. Bc3 (36. Bxb6 Nc6 $14) 36... Kf7) 36. Bc3 $1 $18 {[%emt 0:00:09] Threatens to win with Rd6.} ({Less strong is} 36. Bxb6 Rxb2 37. Bc7 Rxh2 $14) 36... Rxh2 {[%emt 0:00:06]} 37. Rd6 {[%emt 0:03:03][%csl LRc6,LRe6]} Na5 {[%emt 0:00:01] White must now prevent ...Nc4+.} 38. Kf3 {[%emt 0:00:36]} ({Wrong is} 38. Rxe6 $2 Kf7 39. Rd6 Nc4+ 40. Kf4 g5+ 41. Kg4 Nxd6 42. exd6 Ke6 $19) 38... Kf7 {[%emt 0:09:41]} 39. Rxb6 {[%emt 0:00:05]} Nc4 {[%emt 0:03:07] [#]} 40. Rb7+ {[%emt 0:00:05]} Ke8 {[%emt 0:02:45]} 41. Rxg7 {[%emt 0:02:22]} Nxb2 {[%emt 0:00:41]} (41... Rc2 $142 42. Ra7 Nxa3 43. Rxa4 Nb5 44. Ra8+ Kf7) 42. Bb4 {[%emt 0:00:21]} Kd8 {[%emt 0:04:00]} 43. Re7 {[%emt 0:00:48]} Nc4 {[%emt 0:03:53]} 44. Rxe6 {[%emt 0:00:14]} h5 {[%emt 0:00:24]} 45. Bd6 {[%emt 0:04:10]} h4 {[%emt 0:00:11]} 46. Rg6 {[%emt 0:01:39] Strongly threatening Rg8+.} Rh3 $2 {[%emt 0:01:09]} (46... Ke8 47. gxh4 Rxh4) 47. Rg8+ {[%emt 0:01:01]} Kd7 {[%emt 0:00:01]} 48. Rg7+ {[%emt 0:00:04]} Ke8 {[%emt 0:00:04]} 49. Rc7 {[%emt 0:00:27]} Rxg3+ {[%emt 0:02:28]} 50. Kf4 {[%emt 0:00:03]} Nxd6 {[%emt 0:00:33]} 51. exd6 {[%emt 0:00:03] e5 would kill now.} Rxa3 {[%emt 0:00:05]} 52. Kf5 {[%emt 0:01:01]} Rg3 {[%emt 0:00:57]} 53. e5 {[%emt 0:00:21] Weighted Error Value: White=0.06 (flawless) /Black=0.43} 1-0